| 000 | 01400cam a2200409 a 4500 | ||
|---|---|---|---|
| 001 | 3313259 | ||
| 003 | BD-DhUL | ||
| 005 | 20170124192013.0 | ||
| 008 | 840210s1984 enk b 001 0 eng | ||
| 010 | _a 84004236 | ||
| 020 | _a0521245044 | ||
| 020 | _a0521287561 (pbk.) | ||
| 040 |
_aDLC _cDLC _dDLC _dBD-DhUL |
||
| 043 |
_ae------ _aff----- _aaw----- |
||
| 050 | 0 | 0 |
_aPA6825 _b.G69 1984 |
| 082 | 0 | 0 |
_a873.01 _bGRV |
| 100 | 1 | _aGransden, K. W. | |
| 245 | 1 | 0 |
_aVirgil's Iliad : _ban essay on epic narrative / _cK.W. Gransden. |
| 260 |
_aCambridge [Cambridgeshire] ; _aNew York : _bCambridge University Press, _c1984. |
||
| 300 |
_ax, 221 p. ; _c23 cm. |
||
| 500 | _aIncludes indexes. | ||
| 504 | _aBibliography: p. [218]-219. | ||
| 600 | 0 | 0 |
_aVirgil. _tAeneis. |
| 600 | 0 | 0 |
_aAeneas _c(Legendary character) _xIn literature. |
| 600 | 0 | 0 |
_aHomer _xAppreciation _zRome. |
| 600 | 0 | 0 |
_aHomer _xInfluence. |
| 600 | 0 | 0 |
_aHomer. _tIliad. |
| 650 | 0 |
_aEpic poetry, Latin _xHistory and criticism. |
|
| 650 | 0 |
_aNarration (Rhetoric) _xHistory _yTo 1500. |
|
| 650 | 0 |
_aLatin poetry _xGreek influences. |
|
| 650 | 0 | _aRhetoric, Ancient. | |
| 651 | 0 |
_aRome _xIn literature. |
|
| 700 | 0 | _aVirgil. | |
| 856 | 4 | 1 |
_3Table of contents _uhttp://www.loc.gov/catdir/toc/cam023/84004236.html |
| 856 | 4 | 2 |
_3Publisher description _uhttp://www.loc.gov/catdir/description/cam022/84004236.html |
| 942 |
_2ddc _cBK |
||
| 999 |
_c154725 _d154725 |
||